Embedded DSP processor design : Application specific instruction set processors
Coverage includes design of internal-external data types, application specific instruction sets, micro architectures, including designs for datapath and control path, as well as memory sub systems. Integration and verification of a DSP-ASIP processor are discussed and reinforced with extensive examp...
Na minha lista:
| Autor principal: | |
|---|---|
| Formato: | Livro |
| Idioma: | Undetermined |
| Publicado em: |
Amsterdam
Morgan Kaufmann/Elsevier
2008
|
| Assuntos: | |
| Tags: |
Adicionar Tag
Sem tags, seja o primeiro a adicionar uma tag!
|
| Thư viện lưu trữ: | Trung tâm Học liệu Trường Đại học Cần Thơ |
|---|
| LEADER | 01093nam a2200229Ia 4500 | ||
|---|---|---|---|
| 001 | CTU_172753 | ||
| 008 | 210402s9999 xx 000 0 und d | ||
| 020 | |c 72.81 | ||
| 082 | |a 621.3916 | ||
| 082 | |b L783 | ||
| 100 | |a Liu, Dake | ||
| 245 | 0 | |a Embedded DSP processor design : | |
| 245 | 0 | |b Application specific instruction set processors | |
| 245 | 0 | |c Dake Liu | |
| 260 | |a Amsterdam | ||
| 260 | |b Morgan Kaufmann/Elsevier | ||
| 260 | |c 2008 | ||
| 520 | |a Coverage includes design of internal-external data types, application specific instruction sets, micro architectures, including designs for datapath and control path, as well as memory sub systems. Integration and verification of a DSP-ASIP processor are discussed and reinforced with extensive examples. | ||
| 650 | |a Embedded computer systems,Signal processing,Digital integrated circuits,Hệ thống máy tính,Xử lý tín hiệu,Mạch kỹ thuật số tích hợp | ||
| 650 | |x Digital techniques,Kỹ thuật số | ||
| 904 | |i QHieu | ||
| 980 | |a Trung tâm Học liệu Trường Đại học Cần Thơ | ||